000 01717nam a2200445 c 4500
001 53719
003 ES-MaCES
005 20250526125806.0
007 cr |||||||||||
008 250526s2021 sp | r o000 | spa d
024 7 _a121-21-030-7
_2nipo
040 _aES-MaCES
_bspa
_cES-MaCES
245 0 0 _aLa aportación de la inmigración a la sociedad española
_cJoan Lacomba Vázquez ... [et al.]
260 _aMadrid
_bMinisterio de Inclusión, Seguridad Social y Migraciones
_c[2021]
300 _a1 documento pdf (5,10 mb)
490 1 _aDocumentos del Observatorio Permanente de la Inmigración
_v33
500 _aÍndices
504 _aBibliografía: p. 229-242
541 _cGratuito
650 4 _ainmigración
_928632
650 4 _ainmigrante
_928631
650 4 _aextranjero
_928630
650 4 _aevaluación del impacto
_930732
650 4 _asociedad
_927269
650 4 _adinámica poblacional
_928510
650 4 _aconsecuencias económicas
_927082
650 4 _atrabajador migrante
_928408
650 4 _aconsecuencias sociales
_927288
650 4 _aidentidad cultural
_929870
650 4 _aintegración social
_927283
650 4 _aEspaña
_926964
650 4 _apaís de acogida
_929799
653 1 0 _aCiencias Sociales-Políticas
710 1 _aEspaña
_bSecretaría de Estado de Inmigración y Emigración
_bObservatorio Permanente de la Inmigración
_93364
710 2 _aEspaña
_bMinisterio de Inclusión, Seguridad Social y Migraciones
_eed.
_940056
830 0 _aDocumentos del Observatorio Permanente de la Inmigración
_v33
_934087
856 4 _uhttp://biblioteca.ces.es/repintra/B53719.pdf
_ytexto completo
_z[intrante]
902 _aLIB Libro
942 _2CES
_cBK
_h7.0.
999 _c53719
_d53719